000 00710nam a2200229 i 4500
001 92596
003 ES-MaACL
005 20240124144706.0
007 t|
008 050406s1985 sp ||||1| spa d
020 _a84-339-3062-1
080 _a821.112.2-22"19"
100 1 _aEnzensberger, Hans Magnus.
_947315
245 1 3 _aEl filántropo
_b: comedia /
_cHans Magnus Enzensberger ; traducción de Pedro Gálvez.
260 _aBarcelona :
_bAnagrama,
_c[1985]
300 _a140 p. ;
_c20 cm.
490 1 _aPanorama de narrativas ;
_v62
700 1 _aGálvez, Pedro,
_d1940-
_953711
830 0 0 _aPanorama de narrativas
_v62
_9123642
852 _aES-MaACL
_jE-10923
_bR.135760
999 _c92596
_d92596